| 000 | 00420nam a2200169Ia 4500 | ||
|---|---|---|---|
| 005 | 20240921143621.0 | ||
| 008 | 240921s9999||||xx |||||||||||||| ||und|| | ||
| 041 | _aENGLISH | ||
| 082 | _A629.8312 N6 | ||
| 100 | _aNagrath I.J. and Gopal.M | ||
| 245 | 0 | _aControl Systems Engineering | |
| 250 | _a2nd | ||
| 260 |
_c1996 _bNew Age, New Delhi |
||
| 650 |
_aControl System _bElectronics |
||
| 942 | _cBB | ||
| 999 |
_c248031 _d248031 |
||